| 000 | 00756nam a2200181Ia 4500 | ||
|---|---|---|---|
| 008 | 090124s9999 xx 000 0 und d | ||
| 082 | _b33595 | ||
| 100 | _aमोरे दामोदर | ||
| 245 | _a डॉ. बाबासीहेब आंबेडकर आणि विनोद एक शोध | ||
| 250 | _a1 | ||
| 260 |
_bग्रंथाली प्रकाशन _c1994 |
||
| 300 | _a113 | ||
| 600 | _aमोरे दामोदर | ||
| 630 | _a डॉ. बाबासीहेब आंबेडकर आणि विनोद एक शोध | ||
| 700 | _aमोरे दामोदर | ||
| 730 | _a डॉ. बाबासीहेब आंबेडकर आणि विनोद एक शोध | ||
| 942 | _cBOOK | ||
| 999 |
_c99484 _d99484 |
||